Rubricks and checklists (Record no. 105516)

MARC details
000 -LÍDER
campo de controle de tamanho fixo 00534 a2200205 4500
001 - NÚMERO DE CONTROLE
campo de controle 105516
020 ## - ISBN - INTERNATIONAL STANDARD BOOK NUMBER
ISBN - International Standard Book Number 9781894527392
041 ## - CÓDIGO DE IDIOMA
Código do idioma do texto/trilha sonora ou título diferente eng
082 ## - CDD - CLASSIFICAÇÃO DECIMAL DE DEWEY
Número de Classificação 371
040 ## - FONTE DA CATALOGAÇÃO
Instituição da catalogação original BR-BrIDEA
Instituição que transcreveu o registro BR-BrIDEA
090 ## - NÚMERO DE CHAMADA LOCAL
Número de chamada (OCLC) (R); Número de chamada, CALL (RLIN) (NR) PL 371
Número Cutter local (OCLC); Número de classificação do livro, CALL (RLIN) GEO
100 ## - ENTRADA PRINCIPAL--NOME PESSOAL
Nome pessoal Georgopoulus, Demetra.
250 ## - EDIÇÃO
Edição . ed.
245 10 - TÍTULO
Título Rubricks and checklists
Restante do título grades 1-3
Indicação de responsabilidade, etc. Demetra Georgopoulus
260 ## - PUBLICAÇÃO, DISTRIBUIÇÃO, ETC.
Local de publicação, distribuição, etc. Canada
Nome do editor, distribuidor, etc. GeoWat Innovative Teacher
Data da publicação, distribuição, etc. 2005
300 ## - DESCRIÇÃO FÍSICA
Extensão 80 p.
697 ## - ENTRADA DE ASSUNTO LOCAL--ENTIDADE COLETIVA (RLIN)
Nome corporativo ou nome da jurisdição Rubrics and checklists - Grades 1-3.
856 ## - LOCALIZAÇÃO ELETRÔNICA E ACESSO
Uniform Resource Identifier <a href="000032/000032d5.jpeg">000032/000032d5.jpeg</a>
942 ## - ELEMENTOS DE ENTRADA ADICIONADOS (KOHA)
Tipo de material Koha Livros
Holdings
Situação do descarte Situação das perdas Fonte da classificação ou esquema de arquivamento na estante Situação física Não pode ser emprestado Biblioteca de origem Biblioteca atual Data de aquisição Total de empréstimos Número de chamada completo Código de barras Data de último acesso Data do preço efetivo Tipo de material Koha
    Classificação Decimal de Dewey     ECB - SUDOESTE ECB - SUDOESTE 10/04/2018   PL 371 GEO 00036201SSW 23/01/2024 23/01/2024 Textbook
    Classificação Decimal de Dewey     ECB - ÁGUAS CLARAS ECB - ÁGUAS CLARAS 18/11/2022   A PL 371 GEO 00059442AGC 23/01/2024 23/01/2024 Livros